Oil and America's Security (Record no. 2240)

MARC details
000 -LEADER
fixed length control field 00342nam a22001337a 4500
008 - FIXED-LENGTH DATA ELEMENTS--GENERAL INFORMATION
fixed length control field 250311b |||||||| |||| 00| 0 eng d
020 ## - INTERNATIONAL STANDARD BOOK NUMBER
ISBN 0815729758
100 ## - MAIN ENTRY--AUTHOR
Author Fried R. Edward
245 ## - TITLE STATEMENT
Title Oil and America's Security
260 ## - PUBLICATION, DISTRIBUTION, ETC. (IMPRINT)
Place of publication Washington DC
Name of publisher The Brookings Institution
Date of publication 1988
300 ## - COLLATION
Pagination 124p.
942 ## - ADDED ENTRY ELEMENTS (KOHA)
Item type Books
050 ## - LIBRARY OF CONGRESS CALL NUMBER
Classification number HD 9566
Item number .O55
Holdings
Source of classification or shelving scheme Not for loan Permanent location Current location Date acquired Accession No. Full call number Barcode. Koha item type
Library of Congress Classification   Samuel Ogbemudia Main Library, University of Abuja Samuel Ogbemudia Main Library, University of Abuja 03/11/2025 2004/26497 HD 9566.O55 2025-0483 Books